<?xml version="1.0" encoding="UTF-8"?>
<record
    xmlns:xsi="http://www.w3.org/2001/XMLSchema-instance"
    xsi:schemaLocation="http://www.loc.gov/MARC21/slim http://www.loc.gov/standards/marcxml/schema/MARC21slim.xsd"
    xmlns="http://www.loc.gov/MARC21/slim">

  <leader>00537nam a22001817a 4500</leader>
  <datafield tag="999" ind1=" " ind2=" ">
    <subfield code="c">16628</subfield>
    <subfield code="d">16628</subfield>
  </datafield>
  <controlfield tag="008">180131b        xxu||||| |||| 00| 0 eng d</controlfield>
  <datafield tag="020" ind1=" " ind2=" ">
    <subfield code="a">0702033865</subfield>
  </datafield>
  <datafield tag="040" ind1=" " ind2=" ">
    <subfield code="a">KABU</subfield>
    <subfield code="c">KABU</subfield>
  </datafield>
  <datafield tag="050" ind1=" " ind2=" ">
    <subfield code="a">RC66</subfield>
    <subfield code="b">.R34 2012 c. 1</subfield>
  </datafield>
  <datafield tag="100" ind1=" " ind2=" ">
    <subfield code="a">Baliga, Ragavendra R.</subfield>
  </datafield>
  <datafield tag="245" ind1=" " ind2=" ">
    <subfield code="a">250 cases in clinical medicine</subfield>
  </datafield>
  <datafield tag="250" ind1=" " ind2=" ">
    <subfield code="a">4th ed.</subfield>
  </datafield>
  <datafield tag="260" ind1=" " ind2=" ">
    <subfield code="a">Edinburgh</subfield>
    <subfield code="b">Saunders</subfield>
    <subfield code="c">2012</subfield>
  </datafield>
  <datafield tag="300" ind1=" " ind2=" ">
    <subfield code="a">xviii, 909 p.</subfield>
  </datafield>
  <datafield tag="650" ind1=" " ind2=" ">
    <subfield code="a">Clinical medicine</subfield>
    <subfield code="v">Case studies</subfield>
  </datafield>
  <datafield tag="650" ind1=" " ind2=" ">
    <subfield code="a">Clinical medicine</subfield>
    <subfield code="v">Problems, excercises, etc.</subfield>
  </datafield>
  <datafield tag="942" ind1=" " ind2=" ">
    <subfield code="2">lcc</subfield>
    <subfield code="c">BK</subfield>
    <subfield code="e">4th ed.</subfield>
    <subfield code="h">RC66</subfield>
  </datafield>
  <datafield tag="952" ind1=" " ind2=" ">
    <subfield code="0">0</subfield>
    <subfield code="1">0</subfield>
    <subfield code="2">lcc</subfield>
    <subfield code="7">0</subfield>
    <subfield code="a">KABU</subfield>
    <subfield code="b">KABU</subfield>
    <subfield code="c">GEN</subfield>
    <subfield code="d">2018-01-31</subfield>
    <subfield code="g">2350.00</subfield>
    <subfield code="l">20</subfield>
    <subfield code="m">5</subfield>
    <subfield code="o">RC66 .R34 2012 c. 1</subfield>
    <subfield code="p">027898</subfield>
    <subfield code="r">2026-05-26 10:19:23</subfield>
    <subfield code="s">2026-05-15</subfield>
    <subfield code="t">c. 1</subfield>
    <subfield code="w">2018-01-31</subfield>
    <subfield code="y">BK</subfield>
  </datafield>
  <datafield tag="952" ind1=" " ind2=" ">
    <subfield code="0">0</subfield>
    <subfield code="1">0</subfield>
    <subfield code="2">lcc</subfield>
    <subfield code="7">0</subfield>
    <subfield code="a">KABU</subfield>
    <subfield code="b">KABU</subfield>
    <subfield code="c">GEN</subfield>
    <subfield code="d">2018-01-31</subfield>
    <subfield code="g">2350.00</subfield>
    <subfield code="l">23</subfield>
    <subfield code="m">2</subfield>
    <subfield code="o">RC66 .R34 2012 c. 2</subfield>
    <subfield code="p">027899</subfield>
    <subfield code="r">2026-01-09 11:15:47</subfield>
    <subfield code="s">2025-05-15</subfield>
    <subfield code="t">c. 2</subfield>
    <subfield code="w">2018-01-31</subfield>
    <subfield code="y">BK</subfield>
  </datafield>
  <datafield tag="952" ind1=" " ind2=" ">
    <subfield code="0">0</subfield>
    <subfield code="1">0</subfield>
    <subfield code="2">lcc</subfield>
    <subfield code="7">0</subfield>
    <subfield code="a">KABU</subfield>
    <subfield code="b">KABU</subfield>
    <subfield code="c">GEN</subfield>
    <subfield code="d">2018-01-31</subfield>
    <subfield code="g">2350.00</subfield>
    <subfield code="l">25</subfield>
    <subfield code="m">2</subfield>
    <subfield code="o">RC66 .R34 2012 c. 3</subfield>
    <subfield code="p">029076</subfield>
    <subfield code="r">2023-07-03 00:00:00</subfield>
    <subfield code="s">2023-06-19</subfield>
    <subfield code="t">c. 3</subfield>
    <subfield code="w">2018-01-31</subfield>
    <subfield code="y">BK</subfield>
  </datafield>
</record>
